Biến mọi thứ thành tiền / (Record no. 10179)
[ view plain ]
| 000 -Đầu biểu | |
|---|---|
| 00529nam a22001937a 4500 | |
| 005 - Thời gian tạo/Chỉnh sửa | |
| 20230927093737.0 | |
| 008 - Cấu thành dữ liệu có độ dài cố định -- Thông tin chung | |
| 230906b2023 vm ||||| |||| 00| 0 vie d | |
| 020 ## - Chỉ số ISBN | |
| Số ISBN | 9786043925197 |
| 041 ## - Mã ngôn ngữ | |
| Mã ngôn ngữ chính văn | vie |
| 082 ## - Chỉ số phân loại DDC | |
| Chỉ số cutter | NG-D |
| Ký hiệu phân loại | 332.024 |
| 100 ## - Tiêu đề chính - Tên cá nhân | |
| Tên cá nhân | Nguyễn Anh Dũng |
| 245 ## - Nhan đề và thông tin trách nhiệm | |
| Nhan đề | Biến mọi thứ thành tiền / |
| Thông tin trách nhiệm | Nguyễn Anh Dũng |
| 260 ## - Địa chỉ xuất bản | |
| Nơi xuất bản | Tp. HCM : |
| Nhà xuất bản | Thế Giới, |
| Năm xuất bản, phát hành | 2023 |
| 300 ## - Mô tả vật lý | |
| Số trang | 285 tr. ; |
| Khổ cỡ | 20 cm. |
| 653 ## - Từ khóa tự do | |
| Từ khóa tự do | Tài chính cá nhân |
| 653 ## - Từ khóa tự do | |
| Từ khóa tự do | Bí quyết làm giàu |
| 911 ## - Thông tin người biên mục | |
| Người nhập | Yến |
| 942 ## - Dạng tài liệu (KOHA) | |
| Nguồn phân loại | |
| Kiểu tài liệu | Sách tham khảo |
| Dừng lưu thông | Mất tài liệu | Nguồn phân loại | Hư hỏng tài liệu | Không cho mượn | Thư viện sở hữu | Thư viện hiện tại | Kho tài liệu | Ngày bổ sung | Số lần ghi mượn | Số lần gia hạn | Ký hiệu phân loại | Đăng ký cá biệt | Được ghi mượn | Cập nhật lần cuối | Ngày ghi mượn cuối | Ngày áp dụng giá thay thế | Kiểu tài liệu |
|---|---|---|---|---|---|---|---|---|---|---|---|---|---|---|---|---|---|
| N/A | N/A | N/A | N/A | Thư viện Trường Quốc tế - Cơ sở Trịnh Văn Bô | Thư viện Trường Quốc tế - Cơ sở Hòa Lạc | Kho sách tiếng Việt | 06/09/2023 | 6 | 3 | 332.024 NG-D 2023 | TVB.2/00272 | 20/01/2026 | 20/01/2026 | 20/01/2026 | 06/09/2023 | Sách tham khảo |



